000 01196cam a2200313 a 4500
999 _c2854
_d2854
001 1623535
003 OSt
005 20230824082615.0
008 190919s2017 enka g 001 0 eng d
020 _a9781316631744
_q(pbk.)
020 _a1316631745
_q(pbk.)
040 _aTAE
_beng
_cTAE
_eaacr2
_dKH8
041 0 _aeng
042 _anbic
082 0 _a428.24 MCC
100 1 _aMcCarthy, Michael,
_d1947-
_eauthor.
245 1 0 _aEnglish vocabulary in use :
_bupper intermediate : vocabulary reference and practice with answers, with answers and ebook /
_cMichael McCarthy, Felicity O'Dell.
246 3 _aUpper intermediate : vocabulary reference and practice with answers, with answers and ebook.
250 _a4th ed.
260 _aCambridge :
_bCambridge University Press,
_cc2017.
300 _a280 p. :
_bcol. ill. ;
_c27 cm.
500 _aIncludes code for the ebook version with audio, that works on Macs, PC's and tablets.
500 _aIncludes index.
650 0 _aEnglish language
_vTextbooks for foreign speakers.
650 0 _aEnglish language
_xGrammar.
650 0 _aVocabulary
_vProblems, exercises, etc.
700 1 _aO'Dell, Felicity,
_d1947-
_eauthor.
942 _2ddc
_cTR